| 000 | 00861nam a2200253 a 4500 | ||
|---|---|---|---|
| 001 | 000024370 | ||
| 005 | 20200930022943.0 | ||
| 008 | 110126s1966 mx a r 000 0 spa d | ||
| 040 |
_aDO-SdBNP _bspa _cBNPHU |
||
| 041 | 1 | 7 |
_aspa _heng _2Código de idioma MARC |
| 082 |
_a551.6 _bH749a |
||
| 100 | 1 |
_aHolmes, David C. _949978 |
|
| 240 | 1 | 0 |
_aThe story of the weather. _lEspañol. |
| 245 | 1 | 0 |
_aLa atmósfera mar sin playas / _cDavid C. Holmes ; versión española de Luisa María Alvarez. |
| 260 |
_aMéxico, D. F. : _bLimusa-Wiley, _c1966. |
||
| 300 |
_a237 p. : _ail. ; _a20 cm. |
||
| 490 | 1 | _aEl mundo de hoy | |
| 534 |
_aTítulo de la obra en inglés: _tThe story of the weather |
||
| 650 | 4 |
_aClimatología _93253 |
|
| 650 | 4 |
_aEstado atmosférico _926239 |
|
| 700 | 1 |
_aAlvarez, Luisa María _947398 |
|
| 830 | 0 |
_aEl mundo de hoy _949979 |
|
| 049 | _aBNGR | ||
| 999 |
_c23863 _d23863 |
||